| 000 | 00841ncm a22002415a 4500 | ||
|---|---|---|---|
| 001 | C00011474c | ||
| 005 | 20241029143126.0 | ||
| 008 | 950810s1891 ddrsyb n 1 ger d | ||
| 080 | _a785.1.082.1 | ||
| 100 | 1 |
_aSchumann, Robert ( _d1810-1856) _98457 |
|
| 245 | 1 | 0 |
_aSymphonie nº 1 B dur, op. 38 / _cvon Robert Schumann. |
| 254 | _a[Kleine Partitur]. | ||
| 260 |
_aLeipzig : _bErnst Eulenburg, _c[d. 1891] |
||
| 300 |
_aPartitura (184 p.) ; _c19 cm. |
||
| 490 | 0 |
_aEulenburg's kleine Orchester Partitur Ausgabe. Symphonien ; _v17 |
|
| 500 | _aN. pl. : E.E. 3617. | ||
| 500 | _aFecha de publicación tomada de "The new Grove dictionary of music and musicians", vol. 6, Stanley Sadie 1980. | ||
| 500 | _aLegado Pérez Casas. | ||
| 650 |
_aSinfonías. _914405 |
||
| 852 | 4 | _jM-2387; M-2388 | |
| 999 |
_c11266 _d11266 |
||